Self-identity and personal autonomy : an analytical anthropology /

Bibliographic Details
Main Author: Cuypers, Stefaan E., 1958-
Format: Book
Language:English
Published: Aldershot ; Burlington, VT : Ashgate, [2001]
Series:Ashgate new critical thinking in philosophy.
Subjects:

MARC

Tag First Indicator Second Indicator Subfields
LEADER 00000cam a22000004a 4500
001 in00001667421
005 20151023130148.0
008 010503s2001 enk b 001 0 eng
010 |a  2001027832 
015 |a GBA1-W3669 
020 |a 0754613097 
029 1 |a UKM  |b bA1W3669 
035 |a (OCoLC)ocm46952277 
040 |a DLC  |c DLC  |d UKM  |d C#P  |d UtOrBLW 
042 |a pcc 
049 |a TXAM 
050 0 0 |a BD450  |b .C87 2001 
082 0 0 |a 126  |2 21 
100 1 |a Cuypers, Stefaan E.,  |d 1958- 
245 1 0 |a Self-identity and personal autonomy :  |b an analytical anthropology /  |c Stefaan E. Cuypers. 
264 1 |a Aldershot ;  |a Burlington, VT :  |b Ashgate,  |c [2001] 
264 4 |c ©2001 
300 |a ix, 172 pages ;  |c 23 cm. 
336 |a text  |b txt  |2 rdacontent 
337 |a unmediated  |b n  |2 rdamedia 
338 |a volume  |b nc  |2 rdacarrier 
490 1 |a Ashgate new critical thinking in philosophy 
504 |a Includes bibliographical references (pages 161-169) and index. 
650 0 |a Philosophical anthropology. 
650 0 |a Self (Philosophy) 
650 0 |a Identity (Philosophical concept) 
830 0 |a Ashgate new critical thinking in philosophy. 
945 |i PromptCat 
948 |a cataloged  |b h  |c 2002/2/28  |d c  |e cmulkey  |f 8:09:14 am 
994 |a 92  |b TXA 
999 |a MARS 
999 f f |s 1a5d4e5a-0c40-33f7-8bf0-cdc4962eb1bb  |i e2c006a4-d5c8-3023-999d-7e0fc166276f  |t 0 
952 f f |p normal  |a Texas A&M University  |b College Station  |c Sterling C. Evans Library  |d Evans: Library Stacks  |t 0  |e BD450 .C87 2001  |h Library of Congress classification  |i unmediated -- volume  |m A14828459490 
998 f f |a BD450 .C87 2001  |t 0  |l Evans: Library Stacks